Music Quiz

Random Music or Rock Quiz

10 to 1: Classic Rock Songs IX Quiz Stats

 Plays Quiz Updated Oct 8, 2017

Challenge
Share
Tweet
Embed
Score 0/55 Timer 06:00
16 Plays Today
% Correct
Smells Like Teen Spirit
92.1%
The Joker
82.5%
Come as You Are
82.4%
(Don't Fear) the Reaper
81.7%
Fly Like an Eagle
79.3%
Lithium
79.2%
Abracadabra
78.9%
I'm a Believer
77.8%
Daydream Believer
76.3%
Heart-Shaped Box
75.8%
The House of the Rising Sun
74.2%
Take the Money and Run
72.1%
25 or 6 to 4
71.1%
All Apologies
70.4%
Owner of a Lonely Heart
69.2%
Jet Airliner
67.7%
Breakfast in America
65.4%
Last Train to Clarksville
65.2%
The Logical Song
63.4%
In Bloom
63%
Slow Ride
62.8%
Saturday in the Park
61.6%
Take the Long Way Home
60.9%
Jungle Love
60.8%
About a Girl
59.8%
Give a Little Bit
59.5%
Polly
57%
Burnin' for You
57%
% Correct
Rock'n Me
56.3%
Roundabout
54.8%
Bloody Well Right
53.3%
Swingtown
52.5%
Goodbye Stranger
52.2%
I've Seen All Good People
51.7%
Feelin' Stronger Every Day
48.5%
Heroin
45.9%
Sweet Jane
45.1%
Godzilla
42.3%
Venus in Furs
40.3%
Long Distance Runaround
40.1%
Close to the Edge
38.9%
Sliver
38.7%
Living in the U.S.A.
37.5%
Questions 67 and 68
37.3%
Beginnings
36.2%
White Light/White Heat
34.6%
I'm Waiting for the Man
32.6%
Starship Trooper
31.5%
I Just Want to Make Love to You
26.2%
The Gates of Delirium
25.4%
Heart of the Sunrise
24.2%
Fool's Overture
21.8%
Going to the Country
21.3%
Free
17.1%
I Love the Night
10.9%

You're not logged in!

Compare scores with friends on all Sporcle quizzes.
OR
Log In

You Might Also Like...

Show Comments

Extras

Top Quizzes Today


Score Distribution

Your Account Isn't Verified!

In order to create a playlist on Sporcle, you need to verify the email address you used during registration. Go to your Sporcle Settings to finish the process.

Report this User

Report this user for behavior that violates our Community Guidelines.

Details: